Vermeer : beyond time /

Vermeer, Beyond Time explores the life and work of one of Johannes Vermeer. In this documentary, Jean-Pierre Cottet focuses on not only his work, but also his family life. In 1675, overwhelmed by poverty, physically weakened, and humiliated, Vermeer dies at the age of 43. His rediscovery some 200 ye...

Full description

Bibliographic Details
Other Authors: Cottet, Jean-Pierre (Screenwriter), Martin, Steve, 1945- (Narrator)
Format: Video
Language:English
Language Notes:In English.
Published: [United States] : PBS, 2017.
Series:Academic Video Online
Subjects:
Online Access:Connect to this streaming video (Alexander Street Press)

MARC

Tag First Indicator Second Indicator Subfields
LEADER 00000cgm a2200000Mi 4500
001 in00005541925
006 m o c
007 vz czazzu
007 cr cna||||||||
008 181123s2017 xxu090 e o vleng d
005 20241201225908.2
035 |a (OCoLC)on1080600407 
040 |a TOH  |b eng  |e rda  |c TOH  |d OCLCO  |d CNWPU  |d OCLCO  |d T7X  |d QQ3  |d OCLCF  |d NHP  |d OCLCO  |d ALSTP  |d OCLCA  |d OCLCQ  |d ORU  |d OCL  |d UPM  |d STF  |d OCLCA  |d HF9  |d OCLCO  |d OCLCL  |d HOPLA  |d FWR 
019 |a 1084928851  |a 1091289761  |a 1291458586  |a 1301382611  |a 1302377996  |a 1302429447  |a 1302657834  |a 1309526279  |a 1373445415  |a 1394084870  |a 1397774990  |a 1439981678 
028 4 2 |a MWT12263976 
035 |a (OCoLC)1080600407  |z (OCoLC)1084928851  |z (OCoLC)1091289761  |z (OCoLC)1291458586  |z (OCoLC)1301382611  |z (OCoLC)1302377996  |z (OCoLC)1302429447  |z (OCoLC)1302657834  |z (OCoLC)1309526279  |z (OCoLC)1373445415  |z (OCoLC)1394084870  |z (OCoLC)1397774990  |z (OCoLC)1439981678 
037 |a 12263976  |b Midwest Tape, LLC  |n http://www.midwesttapes.com 
050 4 |a ND653.V5 
082 1 4 |a [E] 
049 |a TXAM 
245 0 0 |a Vermeer :  |b beyond time /  |c a film by Jean-Pierre Cottet and Guillaume Cottet ; producers, James Mitchell, Nathalie Cottet ; a coproduction between Martange Production, Soho Moon Pictures, ARTE France Department of Arts and Performance, Musée du Louvre Publications, Digital and Audiovisual Production, Consultant, Department of Paintings. 
264 1 |a [United States] :  |b PBS,  |c 2017. 
300 |a 1 online resource (1 video file (approximately 90 min.)) :  |b sd., col. 
306 |a 012616 
336 |a two-dimensional moving image  |b tdi  |2 rdacontent 
337 |a computer  |b c  |2 rdamedia 
338 |a online resource  |b cr  |2 rdacarrier 
344 |a digital  |2 rda 
347 |a video file  |2 rda 
490 0 |a Academic Video Online 
508 |a Directed by Jean-Pierre Cottet. 
511 0 |a Narrator, Steve Martin. 
520 |a Vermeer, Beyond Time explores the life and work of one of Johannes Vermeer. In this documentary, Jean-Pierre Cottet focuses on not only his work, but also his family life. In 1675, overwhelmed by poverty, physically weakened, and humiliated, Vermeer dies at the age of 43. His rediscovery some 200 years later has seen his popularity soar, claiming both our hearts and our admiration. 
520 |a Vermeer, Beyond Time explores the life and work of one of the most loved, influential, and well-known artists, Johannes Vermeer. Images from his paintings have become part of our collective imagination and are instantly recognizable. In this new feature documentary, French filmmaker Jean-Pierre Cottet adopts an imaginative and sensitive approach to his subject, focusing on not only his work, but also his family life, including his conversion to Catholicism, his artistic contemporaries, and the wider world of the short-lived Dutch Golden Age of the 17th century. 
521 8 |a NRC. 
546 |a In English. 
600 1 0 |a Vermeer, Johannes,  |d 1632-1675. 
600 1 7 |a Vermeer, Johannes,  |d 1632-1675.  |2 fast  |0 (OCoLC)fst00030117  |1 https://id.oclc.org/worldcat/entity/E39PBJwxMHMfPWy7jf998RJhpP 
650 0 |a Painters  |z Netherlands  |v Biography. 
650 6 |a Peintres  |z Pays-Bas  |v Biographies. 
650 7 |a Painters.  |2 fast  |0 (OCoLC)fst01050530 
651 7 |a Netherlands.  |2 fast  |0 (OCoLC)fst01204034  |1 https://id.oclc.org/worldcat/entity/E39PBJk4D96j3YTHJQfHCV3vpP 
655 7 |a Biographical television programs.  |2 fast  |0 (OCoLC)fst01726117 
655 7 |a Biographies.  |2 fast  |0 (OCoLC)fst01919896 
655 7 |a Documentary television programs.  |2 fast  |0 (OCoLC)fst01710387 
655 7 |a Nonfiction television programs.  |2 fast  |0 (OCoLC)fst01710270 
655 7 |a Video recordings for the hearing impaired.  |2 fast  |0 (OCoLC)fst01710450 
655 7 |a Biographical television programs.  |2 lcgft 
655 7 |a Documentary television programs.  |2 lcgft 
655 7 |a Nonfiction television programs.  |2 lcgft 
655 7 |a Video recordings for the hearing impaired.  |2 lcgft 
655 7 |a Biographies télévisées.  |2 rvmgf 
655 7 |a Documentaires télévisés.  |2 rvmgf 
655 7 |a Émissions télévisées autres que de fiction.  |2 rvmgf 
655 7 |a Vidéos pour personnes handicapées auditives.  |2 rvmgf 
700 1 |a Cottet, Jean-Pierre,  |e screenwriter,  |e television director. 
700 1 |a Cottet, Guillaume,  |e television director. 
700 1 |a Mitchell, James,  |d 1948-  |e television producer.  |1 https://id.oclc.org/worldcat/entity/E39PCjtWQFwHKW3wFKGqwT4yVC 
700 1 |a Cottet, Nathalie,  |e television producer. 
700 1 |a Martin, Steve,  |d 1945-  |e narrator.  |1 https://id.oclc.org/worldcat/entity/E39PBJpPFxgchkgfWjMpJYGrbd 
710 2 |a Martange Production (Firm),  |e production company. 
710 2 |a Soho Moon Pictures,  |e production company. 
710 2 |a ARTE France,  |e production company. 
710 2 |a Musée du Louvre.  |b Publications, Digital and Audiovisual Production,  |e production company. 
758 |i has work:  |a Vermeer, beyond time (MovingImage)  |1 https://id.oclc.org/worldcat/entity/E39PCFY3WG3MfGJqbFCHP76Jwy  |4 https://id.oclc.org/worldcat/ontology/hasWork 
776 0 8 |i DVD version:  |w (OCoLC)1005705768 
856 4 0 |u http://proxy.library.tamu.edu/login?url=https://www.aspresolver.com/aspresolver.asp?MARC;4031087  |z Connect to this streaming video (Alexander Street Press)  |t 0 
955 |a Alexander Street Press subscription streaming video 
994 |a 92  |b TXA 
999 f f |s e9b7e677-3347-4ac4-8463-aeb34c18b431  |i 0f1ba77a-6a2d-4364-99b6-86835899d558  |t 0 
952 f f |a Texas A&M University  |b College Station  |c Electronic Resources  |d Available Online  |t 0  |e ND653.V5   |h Library of Congress classification 
998 f f |a ND653.V5   |t 0  |l Available Online